<The> international monetary system in the (very) long run

Uložené v:
Podrobná bibliografia
Hlavný autor: Eichengreen, Barry
Ďalší autori: Sussman, Nathan
Médium: Kniha
Jazyk:English
Vydavateľské údaje: Washington International Monetary Fund 2000
Edícia:IMF Working Paper WP/00/43
Predmet:
Tagy: Pridať tag
Žiadne tagy, Buďte prvý, kto otaguje tento záznam!

MARC

LEADER 00000nam a2200000 4500
001 c124162
005 20221221082722.7
041 0 |a eng 
044 |a US 
245 1 0 |a <The> international monetary system in the (very) long run  |c Barry Eichengreen and Nathan Sussman 
264 1 |a Washington  |b International Monetary Fund  |c 2000 
300 |a 55 s. 
490 1 |a IMF Working Paper  |v WP/00/43 
830 0 |a IMF Working Paper  |v WP/00/43 
610 2 0 |a sústava menová 
610 2 0 |a sústava peňažná 
610 2 0 |a financie medzinárodné 
100 1 |a Eichengreen, Barry 
700 1 |a Sussman, Nathan